Văn hóa dân gian các dân tộc ít người ở Thừa Thiên Huế Song ngữ Việt - Ta Ôi, Việt - Cở Tu Q.1
v.v...
Đã lưu trong:
| Tác giả chính: | |
|---|---|
| Định dạng: | Sách |
| Năm xuất bản: |
H.
Văn hóa - Thông tin
2013
|
| Chủ đề: | |
| Tags: |
Thêm thẻ
Không có thẻ, Hãy là người đầu tiên gắn thẻ bản ghi này!
|
| LEADER | 00931nam a2200193 4500 | ||
|---|---|---|---|
| 082 | |a 398.20959749 |b K250S | ||
| 100 | |a Kê Sửu | ||
| 245 | |a Văn hóa dân gian các dân tộc ít người ở Thừa Thiên Huế |c Kê Sửu (chủ biên), Trần Nguyễn Khánh Phong, Triều Nguyên |n Q.1 |b Song ngữ Việt - Ta Ôi, Việt - Cở Tu | ||
| 260 | |a H. |b Văn hóa - Thông tin |c 2013 | ||
| 300 | |a 665 tr. |c 21 cm. | ||
| 500 | |a Đầu trang tên sách ghi: Hội văn nghệ dân gian Việt Nam | ||
| 520 | |a v.v... | ||
| 653 | |a Văn hóa dân gian | ||
| 653 | |a Việt Nam | ||
| 653 | |a Dân tộc thiểu số | ||
| 653 | |a Thừa Thiên Huế | ||
| 942 | |2 ddc |c SH | ||
| 999 | |c 1752 |d 1752 | ||
| 952 | |0 0 |1 0 |2 ddc |4 0 |6 398_209597490000000_K250S |7 0 |8 300 |9 28493 |a qbu |b qbu |c D2 |d 2014-12-10 |g 130000 |o 398.20959749 K250S |p 1193.c1 |r 0000-00-00 |w 2014-12-10 |y SH |0 0 |6 398_209597490000000_K250S |0 0 |6 398_209597490000000_K250S |0 0 |6 398_209597490000000_K250S | ||